| 000 | 00362nam a2200145Ia 4500 | ||
|---|---|---|---|
| 001 | 3890 | ||
| 008 | 241024s9999 xx 000 0 und d | ||
| 020 | _a978-9945-8828-9-6 | ||
| 082 | _aRD/793/V297h | ||
| 100 | _aKennedy Vargas | ||
| 245 | 0 | _aHistoria del Ajedrez Dominicano | |
| 260 |
_bSanto Domingo _c2013 |
||
| 901 | _a28/1/2015 10:22:13 a.m. | ||
| 999 |
_c7934 _d7934 |
||